Southville International School and Colleges
Your cart is empty.
  • Cart
  • Lists
    Public lists Eva Luna New books Lux_list list_1
    Your lists Log in to create your own lists
  • Log in to your account
  • Your cookies
  • Search history
Southville International School and Colleges
  • Advanced search
  • Recent comments
  • Most popular
  • Libraries

Log in to your account

Log in with GOOGLE


If you do not have an external account, but do have a local account, you can still log in:

  1. Home
  2. MARC view: Rethinking contract law and contract design /
Normal view MARC view ISBD view

Rethinking contract law and contract design / (Record no. 305166)

[ view plain ]
MARC details
000 -LEADER
fixed length control field 00512nam a22001697a 4500
003 - CONTROL NUMBER IDENTIFIER
control field SISC
005 - DATE AND TIME OF LATEST TRANSACTION
control field 20161103104952.0
008 - FIXED-LENGTH DATA ELEMENTS--GENERAL INFORMATION
fixed length control field 161103b xxu||||| |||| 00| 0 eng d
020 ## - INTERNATIONAL STANDARD BOOK NUMBER
International Standard Book Number 9781785368677
050 ## - LIBRARY OF CONGRESS CALL NUMBER
Classification number KD 1554
Item number .G618 2015
100 ## - MAIN ENTRY--PERSONAL NAME
Personal name Goldberg, Victor P.
245 ## - TITLE STATEMENT
Title Rethinking contract law and contract design /
Statement of responsibility, etc Victor P. Goldberg.
260 ## - PUBLICATION, DISTRIBUTION, ETC. (IMPRINT)
Place of publication, distribution, etc UK :
Name of publisher, distributor, etc Edward Elgar,
Date of publication, distribution, etc 2015.
300 ## - PHYSICAL DESCRIPTION
Extent xiv, 286 pages ;
Dimensions 22 cm.
500 ## - GENERAL NOTE
General note Includes bibliographical references and index.
942 ## - ADDED ENTRY ELEMENTS (KOHA)
Source of classification or shelving scheme Library of Congress Classification
Koha item type Books
Holdings
Withdrawn status Lost status Source of classification or shelving scheme Damaged status Home library Current library Shelving location Date acquired Source of acquisition Cost, normal purchase price Sub Shelving location Total Checkouts Full call number Barcode Date last seen Price effective from Koha item type
    Library of Congress Classification   College Library College Library Graduate Section 11/03/2016 Library Fund 3188.00     KD 1554 .G618 2015 C20761 05/15/2018 11/03/2016 Books

Rethinking contract law and contract design /

APA

Goldberg V. P., . (2015). Rethinking contract law and contract design. UK: Edward Elgar.

Chicago

Goldberg Victor P, . 2015. Rethinking contract law and contract design. UK: Edward Elgar.

Harvard

Goldberg V. P., . (2015). Rethinking contract law and contract design. UK: Edward Elgar.

MLA

Goldberg Victor P, . Rethinking contract law and contract design. UK: Edward Elgar. 2015.

  • Place hold
  • Print
  • Cite
  • Add to your cart (remove)
  • Save record
    BIBTEX Dublin Core MARCXML MARC (non-Unicode/MARC-8) MARC (Unicode/UTF-8) MARC (Unicode/UTF-8, Standard) MODS (XML) RIS
  • More searches
    Search for this title in:
    Other Libraries (WorldCat) Other Databases (Google Scholar) Online Stores (Bookfinder.com) Open Library (openlibrary.org)

Exporting to Dublin Core...

SOUTHVILLE LIBRARY

Southville International School and Colleges Library

1281 Tropical Ave. Cor. Luxembourg St., BF Homes International, Las Pinas City

Tel. No. 8256374 / 252358 Loc. 117/146

Powered by Koha